Statistics for Paphos International Airport Destinations (Paphos, Cyprus)

Click here to take the quiz!

General Stats

  • This quiz has been taken 23 times
  • The average score is 47 of 64

Answer Stats

AirlineDestination% Correct
Transavia/TUI fly NetherlandsAmsterdam
100%
RyanairAthens
100%
RyanairBerlin
100%
LufthansaMunich
100%
TransaviaParis (Orly)
100%
RyanairRome (Ciampino)
100%
British Airways/easyJet/TUI AirwaysLondon (Gatwick)
95%
British AirwaysLondon (Heathrow)
95%
easyJetLondon (Luton)
95%
Jet2.com/RyanairLondon (Stansted)
95%
RyanairThessaloniki
95%
LOT Polish Airlines/RyanairWarsaw (Chopin)
95%
RyanairWarsaw (Modlin)
95%
Jet2.com/TUI AirwaysBirmingham
89%
TUI fly BelgiumBrussels
89%
RyanairBucharest (Otopeni)
89%
Petroleum Air ServicesCairo
89%
easyJet/Jet2.comEdinburgh
89%
Jet2.com/TUI AirwaysGlasgow
89%
easyJet/Jet2.com/Ryanair/TUI AirwaysManchester
89%
El Al/Israir Airlines/Ryanair/Tus AirwaysTel Aviv
89%
RyanairBudapest
84%
RyanairDublin
84%
RyanairKrakow
84%
Jet2.comLiverpool
84%
RyanairVienna
84%
RyanairBergamo
79%
easyJet/Jet2.com/TUI AirwaysBristol
79%
RyanairCologne/Bonn
79%
RyanairGdansk
79%
Jet2.comLeeds/Bradford
79%
RyanairNaples
79%
RyanairSofia
79%
RyanairAmman (Queen Alia)
74%
Jet2.comBelfast (International)
74%
Buzz/LOT Polish Airlines/RyanairKatowice
74%
RyanairZagreb
74%
RyanairBologna
68%
RyanairEindhoven
68%
RyanairMarseille
68%
Jet2.com/Ryanair/TUI AirwaysNewcastle upon Tyne
68%
RyanairRhodes
68%
RyanairWroclaw
68%
Israir AirlinesHaifa
63%
RyanairPisa
63%
Buzz/RyanairPoznan
63%
RyanairBordeaux
58%
RyanairBratislava
58%
TUI AirwaysCardiff
58%
RyanairCharleroi
58%
Jet2.com/TUI AirwaysEast Midlands
58%
RyanairToulouse
58%
RyanairBeauvais
53%
TUI AirwaysBournemouth
53%
RyanairRiga
53%
RyanairMemmingen
47%
RyanairChania
42%
RyanairMalta
42%
RyanairTreviso
42%
RyanairKaunas
37%
RyanairMykonos
32%
TUI AirwaysNorwich
32%
AirSevenAarhus
26%
TUI AirwaysExeter
16%

Score Distribution

Percentile by Number Answered

Percent of People with Each Score

Your Score History

You have not taken this quiz